000 00345nam a22001337a 4500
008 230623b xxu||||| |||| 00| 0 eng d
020 _a1897621167
082 _a332.41
_bSOW 1991
245 _aInflationary Trends and Control in Ghana
260 _bAfrican Economic Research Consortium
_c1993
300 _a32p
440 _n22
942 _2ddc
_cBK
999 _c2390
_d2390